000 01251naa a22003257a 4500
001 BR7804427
003 BR-BrBNA
005 20240918174123.0
007 ta
008 230509b bl.||||| |||| 00| 0 por d
040 _aBR-BrBNA
_bpor
_cBiblioteca Nacional de Agricultura
041 _a(Pt)
072 _aF40; F70
_b/G514
090 _aF40 BR7804427
100 1 _aCitadimi, V.
100 1 _aIrgang, B.E.
100 1 _aBaptista, L.R.M.
111 1 _a23. Congresso Nacional de Botanica
_cBelo Horizonte, MG (Brazil)
_d23 Jan 1977
245 1 _aNovas ocorrencias botanicas para o Rio Grande do Sul [Ecologia florestal; Flora; Distribuicao geografica; Brasil]
260 3 _aBelo Horizonte, MG (Brasil):
_c1978.
500 _aAnais da Sociedade Botanica do Brasil. 23. Congresso Nacional de Botanica Belo Horizonte, MG (Brasil): 1978. p. 167-172 (BR7804427-AM)F40
650 _aEcologia vegetal
650 _aTaxonomia vegetal
650 _aFlora
650 _aDistribuicao geografica
650 _aRio Grande do Sul
773 0 _tAnais da Sociedade Botanica do Brasil. 23. Congresso Nacional de Botanica
_wF40 BR7804427
_gBelo Horizonte, MG (Brasil), 1978. p. 167-172
909 _a202404
_bLucia
_c55
_dLucia Elande
942 _cAM
_2AGRIS
999 _c309038
_d309038